Electrical engineering principles (Record no. 706)
[ view plain ]
| 000 -LEADER | |
|---|---|
| fixed length control field | 00437nam a22001697a 4500 |
| 020 ## - ISBN | |
| International Standard Book Number | 0435718568 |
| 050 ## - LIBRARY OF CONGRESS CALL NUMBER | |
| Classification Number | TK146 |
| Item Number | .L63 |
| 100 ## - MAIN ENTRY--Author | |
| Personal name | Lockwood |
| 245 ## - TITLE | |
| Title | Electrical engineering principles |
| 250 ## - EDITIONSTATEMENT | |
| Edition statement | 3rd.ed. |
| 260 ## - PUBLICATION, DISTRIBUTION, ETC.(IMPRINT) | |
| Place of publication, distribution, etc | London. |
| Name of publisher, distributor, etc | Heinemann. |
| Date of publication, distribution, etc | 1971. |
| 300 ## - PHYSICAL DESCRIPTION | |
| Extent | ix, 357 pages |
| 500 ## - GENERALNOTE | |
| General note | illustrations ; 22 cm. |
| 650 ## - SUBJECT--TOPIC | |
| Topical term following geographic name as entry element | Electrical engineering |
| Form subdivision | book |
| General subdivision | english |
| 700 ## - ADDED ENTRY--PERSONAL AUTHOR | |
| Personal Name | F B Lockwood; Roy Dunstan |
| 942 ## - ADDED ENTRY ELEMENTS(KOHA) | |
| Koha item type | General circulation |
| Source of classification or shelving scheme | Not for loan | Location (home branch) | Sublocation (holding branch) | Date accessioned | Cost, normal purchase price | Full call number | Barcode | Cost, replacement price | Koha item type | Public note |
|---|---|---|---|---|---|---|---|---|---|---|
| Library of Congress Classification | Main Campus Library | Main Campus Library | 12/08/2014 | 1006.59 | TK 146 .L63 | 2019/024978 | 1506.00 | General circulation | leo |